[Event "Warsaw YMCA Autumn-D 177th"]
[Site "Warsaw"]
[Date "2016.10.04"]
[Round "3"]
[White "Budrewicz, Henryk"]
[Black "Flig, Wojciech"]
[Result "1-0"]
[WhiteElo "1442"]
[BlackElo "1373"]
[PlyCount "99"]
[EventDate "2016.09.19"]
[EventType "tourn"]
[EventRounds "13"]
[EventCountry "POL"]
[SourceTitle "EXT 2019"]
[Source "ChessBase"]
[SourceDate "2018.10.10"]
[SourceVersion "1"]
[SourceVersionDate "2018.10.10"]
[SourceQuality "1"]

1. d4 Nf6 2. e3 c5 3. c3 cxd4 4. exd4 d5 5. Bd3 Nc6 6. f4 Bg4 7. Nf3 Qc7 8. 0-0 e6 9. Re1 Be7 10. h3 Bf5 11. Bxf5 exf5 12. Ne5 0-0 13. Nd2 Ne4 14. Ndf3 Na5 15. Nd3 Nc4 16. Qe2 Bd6 17. Nde5 Bxe5 18. fxe5 f6 19. Bf4 fxe5 20. Nxe5 Nxe5 21. Bxe5 Qb6 22. Rab1 Qg6 23. Qe3 Rf7 24. Rf1 Qa6 25. a3 Qa4 26. Rfc1 Raf8 27. g3 Qa6 28. Kh2 h5 29. h4 Qg6 30. Rg1 Qg4 31. Rbf1 Qg6 32. Rg2 Rc8 33. Rc1 a6 34. Qf4 Rc6 35. Rgc2 Qh7 36. c4 dxc4 37. Rxc4 Rxc4 38. Rxc4 Qg6 39. Rc8+ Kh7 40. d5 Qb6 41. d6 Qb5 42. Qf3 Kg6 43. Bf4 Qxb2+ 44. Qg2 Qxa3 45. Qe2 b5 46. Rh8 Kf6 47. Re8 Rd7 48. Be5+ Kf7 49. Qxh5+ g6 50. Qh7+ 1-0